[Event "NRW Class2 1819"]
[Site "Germany"]
[Date "2018.11.18"]
[Round "3.7"]
[White "Messarius, Juergen"]
[Black "Diesner, Michael"]
[Result "0-1"]
[WhiteElo "2119"]
[BlackElo "2074"]
[PlyCount "80"]
[EventDate "2018.09.16"]
[EventType "team-tourn"]
[EventRounds "9"]
[EventCountry "GER"]
[SourceTitle "EXT 2022"]
[Source "ChessBase"]
[SourceDate "2021.10.06"]
[SourceVersion "1"]
[SourceVersionDate "2021.10.06"]
[SourceQuality "1"]
[WhiteTeam "Iserlohn Koenigsspringer"]
[BlackTeam "Koeln Lasker"]
[WhiteTeamCountry "GER"]
[BlackTeamCountry "GER"]

1. e4 c5 2. Nf3 d6 3. d4 Nf6 4. Nc3 cxd4 5. Nxd4 g6 6. Nde2 Qa5 7. f3 Bg7 8. Be3 0-0 9. Qd2 Nc6 10. Nf4 e5 11. Nfd5 Be6 12. Bc4 Nh5 13. Rd1 Kh8 14. Nb5 Nf4 15. c3 Bxd5 16. exd5 Ne7 17. b4 Qd8 18. g3 Nh5 19. Nxa7 Rxa7 20. Bxa7 Qc7 21. Bb3 b6 22. Bxb6 Qxb6 23. Qf2 Qa6 24. c4 e4 25. 0-0 exf3 26. Qxf3 Qb6+ 27. Kh1 Qxb4 28. Qe2 Be5 29. g4 Nf6 30. Rd3 Nd7 31. Rdf3 f6 32. h4 Kg7 33. h5 Qc5 34. Rd1 f5 35. Rh3 fxg4 36. Qxg4 Nf6 37. Qe6 Nf5 38. Rg1 Re8 39. hxg6 Rxe6 40. gxh7+ Kh8 0-1

[Event "NRW Class1 1718"]
[Site "Germany"]
[Date "2018.04.29"]
[Round "9.5"]
[White "Spilles, Matthias"]
[Black "Messarius, Juergen"]
[Result "0-1"]
[WhiteElo "2139"]
[BlackElo "2146"]
[PlyCount "102"]
[EventDate "2017.09.17"]
[EventType "team-tourn"]
[EventRounds "9"]
[EventCountry "GER"]
[SourceTitle "EXT 2019"]
[Source "ChessBase"]
[SourceDate "2018.10.10"]
[SourceVersion "1"]
[SourceVersionDate "2018.10.10"]
[SourceQuality "1"]
[WhiteTeam "Bruehl"]
[BlackTeam "Iserlohn Koenigsspringer"]
[WhiteTeamCountry "GER"]
[BlackTeamCountry "GER"]

1. e4 c5 2. Nf3 Nc6 3. d4 cxd4 4. Nxd4 Nf6 5. Nc3 e5 6. Ndb5 d6 7. Bg5 a6 8. Na3 b5 9. Nd5 Be7 10. Bxf6 Bxf6 11. c3 Bg5 12. Nc2 0-0 13. a4 bxa4 14. Rxa4 a5 15. Bc4 Rb8 16. Ra2 g6 17. 0-0 Be6 18. Nde3 Kg7 19. Qd3 Qd7 20. Rd1 Rfd8 21. g3 Bh3 22. b3 f5 23. Na3 f4 24. Nd5 Ne7 25. Nb5 Nc6 26. Ndc7 Rb7 27. Nd5 h5 28. Kh1 Rf8 29. Rg1 f3 30. Raa1 h4 31. Ne3 Bxe3 32. Qxe3 Bg2+ 33. Rxg2 fxg2+ 34. Kxg2 hxg3 35. fxg3 Rbb8 36. Rd1 Rf6 37. Qd3 Rbf8 38. Rd2 Rh8 39. h4 Qg4 40. Qe2 Qd7 41. Qd1 Rd8 42. Be2 Na7 43. Na3 Qc6 44. Nc4 Nb5 45. Qc2 Rdf8 46. Nxa5 Rf2+ 47. Kh3 Qxc3 48. Qa2 Nd4 49. b4 Qe3 50. Nc4 Qxe4 51. Bf3 R2xf3 0-1

[Event "NRW Class1 1718"]
[Site "Germany"]
[Date "2018.04.08"]
[Round "8.5"]
[White "Messarius, Juergen"]
[Black "Lemli, Thomas"]
[Result "1/2-1/2"]
[WhiteElo "2146"]
[BlackElo "1976"]
[PlyCount "109"]
[EventDate "2017.09.17"]
[EventType "team-tourn"]
[EventRounds "9"]
[EventCountry "GER"]
[SourceTitle "EXT 2019"]
[Source "ChessBase"]
[SourceDate "2018.10.10"]
[SourceVersion "1"]
[SourceVersionDate "2018.10.10"]
[SourceQuality "1"]
[WhiteTeam "Iserlohn Koenigsspringer"]
[BlackTeam "Emsdetten Rochade"]
[WhiteTeamCountry "GER"]
[BlackTeamCountry "GER"]

1. e4 c6 2. d4 d5 3. e5 Bf5 4. Nc3 e6 5. g4 Bg6 6. Nge2 f6 7. Nf4 fxe5 8. dxe5 Bf7 9. Bd2 Nd7 10. Qe2 Qc7 11. Nd3 h5 12. g5 Bg6 13. Bh3 Bxd3 14. cxd3 Qxe5 15. Bxe6 Bd6 16. d4 Qxe2+ 17. Nxe2 0-0-0 18. Bh3 Re8 19. Be3 Ne7 20. Kd2 Rhf8 21. Kd3 Ng6 22. Rae1 Kd8 23. Ng3 Nf4+ 24. Bxf4 Rxf4 25. Rxe8+ Kxe8 26. Re1+ Kd8 27. Re6 Bf8 28. Ke3 Rh4 29. Bg2 Rxh2 30. Bf3 h4 31. Nf1 Rh3 32. Kf4 Be7 33. Re3 Nf8 34. Kg4 Rxf3 35. Rxf3 Ne6 36. Rb3 b6 37. f4 g6 38. Rd3 Kd7 39. Nd2 Bd6 40. f5 gxf5+ 41. Kxf5 Bf8 42. Nf3 Bg7 43. Ne5+ Bxe5 44. dxe5 Ke7 45. Rh3 Nd4+ 46. Kg6 Ke6 47. Rxh4 Nf3 48. Rh1 Nxe5+ 49. Kh5 d4 50. g6 Nxg6 51. Kxg6 Ke5 52. Kg5 Ke4 53. Kg4 d3 54. Kg3 Ke3 55. Rh7 1/2-1/2

[Event "NRW Class1 1718"]
[Site "Germany"]
[Date "2017.11.19"]
[Round "3.5"]
[White "Messarius, Juergen"]
[Black "Krause, Thomas2222"]
[Result "1/2-1/2"]
[WhiteElo "2146"]
[BlackElo "2158"]
[PlyCount "128"]
[EventDate "2017.09.17"]
[EventType "team-tourn"]
[EventRounds "9"]
[EventCountry "GER"]
[SourceTitle "EXT 2019"]
[Source "ChessBase"]
[SourceDate "2018.10.10"]
[SourceVersion "1"]
[SourceVersionDate "2018.10.10"]
[SourceQuality "1"]
[WhiteTeam "Iserlohn Koenigsspringer"]
[BlackTeam "Duesseldorf II"]
[WhiteTeamCountry "GER"]
[BlackTeamCountry "GER"]

1. e4 g6 2. d4 Bg7 3. Nc3 c6 4. Nf3 d6 5. h3 Nd7 6. a4 e5 7. Be3 Ngf6 8. dxe5 dxe5 9. Qd6 Bf8 10. Qd3 Bb4 11. Be2 Qe7 12. 0-0 Nc5 13. Qc4 a5 14. Rfd1 0-0 15. Bh6 Re8 16. Ng5 Nfd7 17. Nb1 Nb6 18. Qa2 Ne6 19. Nf3 f6 20. Be3 Bc5 21. Qb3 Bxe3 22. Qxe3 Qc5 23. Qb3 Kg7 24. Bf1 Nf4 25. Qc3 Qxc3 26. Nxc3 Be6 27. Kh2 Bf7 28. Rab1 Red8 29. Rxd8 Rxd8 30. g3 Ne6 31. b4 Nd7 32. b5 Nd4 33. Nxd4 exd4 34. Ne2 c5 35. b6 Rc8 36. Rb5 Rc6 37. Rxa5 Rxb6 38. Nf4 Rd6 39. Bb5 Ne5 40. Ra7 Rb6 41. Kg2 g5 42. Ne2 Nc4 43. g4 Nd6 44. Ng3 Bg6 45. Bd7 Nxe4 46. a5 Ra6 47. Rxb7 Kf8 48. Nf5 Bxf5 49. Bxf5 Nd6 50. Rb6 Rxb6 51. axb6 Ke7 52. Bxh7 Kd7 53. f4 Kc6 54. h4 gxh4 55. g5 fxg5 56. fxg5 Kxb6 57. Kh3 c4 58. Kxh4 Kc5 59. Kh5 d3 60. cxd3 c3 61. d4+ Kxd4 62. Bc2 Ke5 63. Kg6 Ne4 64. Kh6 Nxg5 1/2-1/2

[Event "Oberliga NRW 1617"]
[Site "Germany"]
[Date "2017.05.21"]
[Round "9.4"]
[White "Bashilin, Roman"]
[Black "Messarius, Juergen"]
[Result "1/2-1/2"]
[WhiteElo "2302"]
[BlackElo "2198"]
[PlyCount "39"]
[EventDate "2016.09.25"]
[EventType "team-tourn"]
[EventRounds "9"]
[EventCountry "GER"]
[SourceTitle "EXT 2020"]
[Source "ChessBase"]
[SourceDate "2019.10.17"]
[SourceVersion "1"]
[SourceVersionDate "2019.10.17"]
[SourceQuality "1"]
[WhiteTeam "Wuppertal Bahn"]
[BlackTeam "Iserlohn Koenigsspringer"]
[WhiteTeamCountry "GER"]
[BlackTeamCountry "GER"]

1. d4 g6 2. Nf3 d6 3. Bf4 f5 4. e3 Nf6 5. h3 c6 6. c3 Bg7 7. Qb3 Qb6 8. Be2 Nbd7 9. Ng5 Qxb3 10. axb3 Nf8 11. Nd2 Ne6 12. Nxe6 Bxe6 13. Bc4 Nd5 14. Bh2 Kd7 15. 0-0 Bh6 16. Rfd1 Rhf8 17. Bxd5 Bxd5 18. c4 Bf7 19. Ra5 Bg7 20. Kf1 1/2-1/2

[Event "GER-ch 87th"]
[Site "Luebeck"]
[Date "2016.10.21"]
[Round "1"]
[White "Messarius, Juergen"]
[Black "Hirneise, Jens"]
[Result "0-1"]
[WhiteElo "2198"]
[BlackElo "2324"]
[PlyCount "80"]
[EventDate "2016.10.21"]
[EventType "swiss"]
[EventRounds "9"]
[EventCountry "GER"]
[SourceTitle "EXT 2018"]
[Source "ChessBase"]
[SourceDate "2017.10.13"]
[SourceVersion "1"]
[SourceVersionDate "2017.10.13"]
[SourceQuality "1"]

1. e4 c5 2. Nf3 Nc6 3. d4 cxd4 4. Nxd4 Nf6 5. Nc3 d6 6. Be3 e5 7. Nb3 Be7 8. f3 0-0 9. Qd2 a5 10. a4 Nb4 11. Nd5 Nfxd5 12. exd5 Bf5 13. Rc1 Bg6 14. c3 Na6 15. Be2 f5 16. 0-0 f4 17. Bf2 b6 18. Bxa6 Rxa6 19. Qe2 Ra8 20. Nd2 Bh4 21. Ne4 Bxf2+ 22. Rxf2 Rc8 23. Rff1 Rf7 24. b3 Bxe4 25. Qxe4 b5 26. h3 Qb6+ 27. Kh2 g6 28. h4 Rf5 29. axb5 Rh5 30. g3 Qxb5 31. Kh3 fxg3 32. Qg4 Rf5 33. Kxg3 Rcf8 34. h5 Rxh5 35. Qe6+ Kg7 36. Qxd6 Qe2 37. Qe7+ Rf7 38. Rf2 Qe3 39. Qe6 Qf4+ 40. Kg2 Rh2+ 0-1

[Event "NRW Class1 1516"]
[Site "Germany"]
[Date "2015.10.25"]
[Round "2.5"]
[White "Langers, Alexander"]
[Black "Messarius, Juergen"]
[Result "1/2-1/2"]
[WhiteElo "2201"]
[BlackElo "2172"]
[PlyCount "113"]
[EventDate "2015.09.27"]
[EventType "team-tourn"]
[EventRounds "9"]
[EventCountry "GER"]
[SourceTitle "EXT 2017"]
[Source "ChessBase"]
[SourceDate "2016.10.25"]
[SourceVersion "1"]
[SourceVersionDate "2016.10.25"]
[SourceQuality "1"]
[WhiteTeam "Erkenschwick"]
[BlackTeam "Iserlohn Koenigsspringer"]
[WhiteTeamCountry "GER"]
[BlackTeamCountry "GER"]

1. e4 e6 2. d4 d5 3. Nc3 Bb4 4. e5 c5 5. a3 Bxc3+ 6. bxc3 Qa5 7. Bd2 Qa4 8. Qb1 c4 9. h4 Nc6 10. h5 Bd7 11. h6 gxh6 12. Be2 0-0-0 13. Bf3 Rf8 14. Ne2 f6 15. exf6 Rxf6 16. Ng3 Qa5 17. Qc1 Nge7 18. Nh5 Rf7 19. Bg4 Rg8 20. Qd1 e5 21. Bxd7+ Kxd7 22. dxe5 Nxe5 23. Nf4 N7g6 24. Ne2 Ng4 25. f3 Qc5 26. Nd4 Qd6 27. Kf1 Qf6 28. Rb1 Kc8 29. Qe1 Re7 30. Qg3 N4e5 31. Rxh6 a6 32. Rh5 Rd7 33. Qh3 Nf8 34. Rf5 Qd6 35. Bf4 Nfg6 36. Bg3 Re8 37. a4 Kb8 38. Qh2 Ka8 39. Re1 Rde7 40. Qh5 Qc7 41. Rg5 Nd3 42. cxd3 cxd3 43. Bxc7 Rxe1+ 44. Kf2 d2 45. f4 d1Q 46. Qxd1 Rxd1 47. f5 Ne5 48. Bxe5 Rxe5 49. f6 Rxd4 50. Rxe5 Rf4+ 51. Ke3 Rxf6 52. Rxd5 Rg6 53. Kf3 Rc6 54. a5 Rxc3+ 55. Kf4 Rc6 56. g4 Kb8 57. Rh5 1/2-1/2

[Event "NRW-ch"]
[Site "Emsdetten"]
[Date "2015.10.14"]
[Round "3"]
[White "Messarius, Juergen"]
[Black "Chilla, Jan Eric"]
[Result "1-0"]
[WhiteElo "2204"]
[BlackElo "2239"]
[PlyCount "77"]
[EventDate "2015.10.??"]
[EventType "swiss"]
[EventRounds "7"]
[EventCountry "GER"]
[SourceTitle "EXT 2017"]
[Source "ChessBase"]
[SourceDate "2016.10.25"]
[SourceVersion "1"]
[SourceVersionDate "2016.10.25"]
[SourceQuality "1"]

1. e4 c5 2. Nf3 d6 3. d4 cxd4 4. Nxd4 Nf6 5. Nc3 a6 6. Be3 e5 7. Nb3 Be6 8. Qd2 Nbd7 9. f3 h5 10. Nd5 Bxd5 11. exd5 Rc8 12. c4 g6 13. Be2 Bg7 14. 0-0 0-0 15. Rac1 Qe7 16. Na5 e4 17. f4 Ng4 18. Bxg4 hxg4 19. b4 b6 20. Nc6 Qe8 21. f5 gxf5 22. Rxf5 Nb8 23. Nd4 Nd7 24. Rg5 f6 25. Rxg4 Ne5 26. Rg3 f5 27. Bh6 Ng4 28. Bxg7 Kxg7 29. Qg5+ Qg6 30. Ne6+ Kf7 31. Qxg6+ Kxg6 32. Nxf8+ Rxf8 33. h3 Kg5 34. hxg4 f4 35. Rh3 Kxg4 36. Re1 Re8 37. Rh6 f3 38. gxf3+ Kxf3 39. Rf6+ 1-0

[Event "NRW-ch"]
[Site "Emsdetten"]
[Date "2015.10.13"]
[Round "2"]
[White "Rott, Georg"]
[Black "Messarius, Juergen"]
[Result "0-1"]
[WhiteElo "2168"]
[BlackElo "2204"]
[PlyCount "66"]
[EventDate "2015.10.??"]
[EventType "swiss"]
[EventRounds "7"]
[EventCountry "GER"]
[SourceTitle "EXT 2017"]
[Source "ChessBase"]
[SourceDate "2016.10.25"]
[SourceVersion "1"]
[SourceVersionDate "2016.10.25"]
[SourceQuality "1"]

1. e4 Nf6 2. e5 Nd5 3. d4 d6 4. Bc4 Nb6 5. Bb3 Bf5 6. Qf3 Qc8 7. Bxf7+ Kxf7 8. g4 Nc6 9. Ne2 dxe5 10. d5 Nb4 11. Na3 e4 12. Qxf5+ Qxf5 13. gxf5 N6xd5 14. Ng3 Nf6 15. 0-0 Rd8 16. Bf4 Nbd5 17. Bd2 e6 18. fxe6+ Kxe6 19. Rfe1 Bxa3 20. bxa3 Kf7 21. Nxe4 Nxe4 22. Rxe4 Nf6 23. Re2 Rhe8 24. Kf1 Rxe2 25. Kxe2 Rd4 26. Rb1 b6 27. Rb4 Rd5 28. Rc4 c5 29. a4 a6 30. Be3 Nd7 31. Re4 h6 32. Bf4 Nf6 33. Rc4 Ke6 0-1

[Event "NRW Class2 1415"]
[Site "Germany"]
[Date "2015.03.01"]
[Round "7.5"]
[White "Messarius, Juergen"]
[Black "Janyska, Dennis"]
[Result "1-0"]
[WhiteElo "2131"]
[BlackElo "1998"]
[PlyCount "53"]
[EventDate "2014.09.14"]
[EventType "team-tourn"]
[EventRounds "9"]
[EventCountry "GER"]
[SourceTitle "EXT 2017"]
[Source "ChessBase"]
[SourceDate "2016.10.25"]
[SourceVersion "1"]
[SourceVersionDate "2016.10.25"]
[SourceQuality "1"]
[WhiteTeam "Iserlohn Koenigsspringer"]
[BlackTeam "Guetersloh"]
[WhiteTeamCountry "GER"]
[BlackTeamCountry "GER"]

1. e4 e6 2. d4 d5 3. Nc3 Nc6 4. Nf3 Nf6 5. e5 Ne4 6. Bd3 Bb4 7. Bd2 Nxd2 8. Qxd2 f6 9. a3 Bxc3 10. Qxc3 fxe5 11. dxe5 0-0 12. 0-0-0 Bd7 13. h4 Qe7 14. Qd2 Rxf3 15. gxf3 Nxe5 16. Qe3 Qf6 17. Be2 b6 18. f4 Ng6 19. f5 Qxf5 20. Bd3 Qf4 21. Bxg6 Qxe3+ 22. fxe3 hxg6 23. Rhg1 Be8 24. Rg5 b5 25. Rdg1 c5 26. h5 Kf7 27. Rxg6 1-0

[Event "NRW Class2 1415"]
[Site "Germany"]
[Date "2015.02.08"]
[Round "6.5"]
[White "Molinaroli, Martin"]
[Black "Messarius, Juergen"]
[Result "0-1"]
[WhiteElo "2244"]
[BlackElo "2131"]
[PlyCount "82"]
[EventDate "2014.09.14"]
[EventType "team-tourn"]
[EventRounds "9"]
[EventCountry "GER"]
[SourceTitle "EXT 2017"]
[Source "ChessBase"]
[SourceDate "2016.10.25"]
[SourceVersion "1"]
[SourceVersionDate "2016.10.25"]
[SourceQuality "1"]
[WhiteTeam "Muenster"]
[BlackTeam "Iserlohn Koenigsspringer"]
[WhiteTeamCountry "GER"]
[BlackTeamCountry "GER"]

1. b3 d5 2. Bb2 Bf5 3. e3 e6 4. Nf3 Nf6 5. c4 Nbd7 6. Nc3 Be7 7. Be2 Nc5 8. d4 Nce4 9. 0-0 Nxc3 10. Bxc3 Ne4 11. Bb2 c6 12. Ne5 f6 13. Nd3 Bd6 14. f3 Ng5 15. Nf2 Qc7 16. f4 Ne4 17. Nxe4 Bxe4 18. Bd3 0-0 19. Bxe4 dxe4 20. Qc2 f5 21. Kh1 g5 22. g3 Be7 23. Rad1 Rad8 24. Rd2 Bf6 25. Rfd1 Qg7 26. b4 h6 27. a4 Kh7 28. b5 Rg8 29. Rf1 gxf4 30. gxf4 Qg4 31. Bc1 cxb5 32. axb5 Rc8 33. c5 Qh3 34. Rg2 b6 35. Rff2 Rxg2 36. Rxg2 bxc5 37. dxc5 Qf3 38. Kg1 Bh4 39. Qd2 Rd8 40. h3 Rxd2 41. Bxd2 Bg3 0-1

[Event "NRW Class2 1415"]
[Site "Germany"]
[Date "2014.10.05"]
[Round "2.5"]
[White "Messarius, Juergen"]
[Black "Van Dooren, Dirk"]
[Result "1/2-1/2"]
[WhiteElo "2131"]
[BlackElo "2196"]
[PlyCount "94"]
[EventDate "2014.09.14"]
[EventType "team-tourn"]
[EventRounds "9"]
[EventCountry "GER"]
[SourceTitle "EXT 2017"]
[Source "ChessBase"]
[SourceDate "2016.10.25"]
[SourceVersion "1"]
[SourceVersionDate "2016.10.25"]
[SourceQuality "1"]
[WhiteTeam "Iserlohn Koenigsspringer"]
[BlackTeam "Aachen Aufwaerts II"]
[WhiteTeamCountry "GER"]
[BlackTeamCountry "GER"]

1. e4 e5 2. Nf3 Nc6 3. d4 exd4 4. Nxd4 Bc5 5. Be3 Qf6 6. c3 Nge7 7. Bc4 Ne5 8. Be2 d6 9. 0-0 0-0 10. f4 N5c6 11. Bf3 Re8 12. Qd2 Ng6 13. g3 Nf8 14. b4 Bb6 15. Na3 Bh3 16. Rfd1 Ne6 17. Qf2 h5 18. Nc4 Bg4 19. Bxg4 hxg4 20. Nb5 Bxe3 21. Nxe3 a6 22. Nd5 Qd8 23. Na3 Nf8 24. Qe2 Qd7 25. Nc2 Ne7 26. Nce3 Nxd5 27. Nxd5 Nh7 28. Rd4 Rac8 29. Re1 f5 30. e5 Qe6 31. Qc2 Qf7 32. Qd2 dxe5 33. fxe5 Nf8 34. Nf4 c5 35. Rd6 cxb4 36. e6 Qc7 37. e7 Rxe7 38. Qd5+ Rf7 39. cxb4 Kh7 40. Nd3 g6 41. Rc1 Qxc1+ 42. Nxc1 Rxc1+ 43. Kf2 Rc2+ 44. Kf1 Re7 45. Rd8 Rc1+ 46. Kf2 Rc2+ 47. Kf1 Rc1+ 1/2-1/2

[Event "NRW Class1 1314"]
[Site "Germany"]
[Date "2014.01.12"]
[Round "5.5"]
[White "Messarius, Juergen"]
[Black "Maj, Kornel"]
[Result "0-1"]
[WhiteElo "2166"]
[BlackElo "1888"]
[PlyCount "78"]
[EventDate "2013.09.15"]
[EventType "team-tourn"]
[EventRounds "9"]
[EventCountry "GER"]
[SourceTitle "EXT 2015"]
[Source "ChessBase"]
[SourceDate "2014.11.20"]
[SourceVersion "1"]
[SourceVersionDate "2014.11.20"]
[SourceQuality "1"]
[WhiteTeam "Iserlohn Koenigsspringer"]
[BlackTeam "Elberfeld"]
[WhiteTeamCountry "GER"]
[BlackTeamCountry "GER"]

1. e4 e5 2. Nf3 Nc6 3. d4 exd4 4. Nxd4 Nf6 5. Nxc6 bxc6 6. e5 Qe7 7. Qe2 Nd5 8. c4 Ba6 9. g3 g5 10. b3 Bg7 11. Bb2 0-0-0 12. Nd2 Nb4 13. Nf3 Rhe8 14. Bg2 g4 15. Nh4 Bxe5 16. 0-0 Nd3 17. Bxe5 Nxe5 18. Qc2 Ng6 19. Nf5 Qg5 20. b4 Bb7 21. b5 c5 22. f4 gxf3 23. Bxf3 Bxf3 24. Rxf3 Qg4 25. Qg2 Qe4 26. Nh6 d5 27. Raf1 Ne5 28. Qh3+ Kb8 29. Rf4 Qe3+ 30. Kh1 dxc4 31. Nxf7 Nxf7 32. Rxf7 Qe4+ 33. Qg2 c3 34. R7f4 Qxg2+ 35. Kxg2 Rd2+ 36. Kh3 c2 37. Rc1 Ree2 38. Rc4 Rxh2+ 39. Kg4 Rd4+ 0-1

[Event "Moehnesee Cup-A 37th"]
[Site "Moehnesee"]
[Date "2011.09.04"]
[Round "6"]
[White "Messarius, Juergen"]
[Black "Hecht, Carsten"]
[Result "1-0"]
[WhiteElo "2247"]
[BlackElo "1915"]
[PlyCount "93"]
[EventDate "2011.09.01"]
[EventType "swiss"]
[EventRounds "7"]
[EventCountry "GER"]
[SourceTitle "EXT 2013"]
[Source "ChessBase"]
[SourceDate "2012.11.22"]
[SourceVersion "1"]
[SourceVersionDate "2012.11.22"]
[SourceQuality "1"]

1. c4 e5 2. Nc3 Nf6 3. e4 g6 4. Nf3 d6 5. d4 Nbd7 6. g3 Bg7 7. Bg2 0-0 8. 0-0 Qe7 9. Re1 c6 10. b3 exd4 11. Nxd4 Nc5 12. Qd2 Re8 13. Bb2 Bd7 14. b4 Ne6 15. Nb3 Rad8 16. Na5 Bc8 17. a3 Ng4 18. h3 Ne5 19. f4 b6 20. fxe5 bxa5 21. b5 dxe5 22. Qe3 Nd4 23. Rac1 Qc5 24. bxc6 Qxc6 25. Nd5 Be6 26. c5 f5 27. Qg5 Kh8 28. Bxd4 exd4 29. Nf6 Rf8 30. Nxh7 Kxh7 31. exf5 Bd5 32. Re6 Qxe6 33. fxe6 Bxe6 34. Be4 Bf7 35. Rf1 Rde8 36. Bd3 Re3 37. Bb1 Re5 38. Qh4+ Kg8 39. c6 Rc5 40. Be4 Rc4 41. Qg5 d3 42. Rxf7 Rxf7 43. Bd5 Bd4+ 44. Kh1 Rc2 45. Qxg6+ Bg7 46. Qxf7+ Kh7 47. Be4+ 1-0

[Event "Moehnesee Cup 36th"]
[Site "Moehnesee"]
[Date "2010.08.29"]
[Round "7"]
[White "Gruenhagen, Marc"]
[Black "Messarius, Juergen"]
[Result "1/2-1/2"]
[WhiteElo "2133"]
[BlackElo "2279"]
[PlyCount "48"]
[EventDate "2010.08.26"]
[EventType "swiss"]
[EventRounds "7"]
[EventCountry "GER"]
[SourceTitle "EXT 2011"]
[Source "ChessBase"]
[SourceDate "2010.11.26"]
[SourceVersion "1"]
[SourceVersionDate "2010.11.26"]
[SourceQuality "1"]

1. d4 Nf6 2. c4 e6 3. Nc3 Bb4 4. e3 d5 5. Nf3 0-0 6. Bd3 dxc4 7. Bxc4 b6 8. 0-0 Bb7 9. Qe2 Nbd7 10. Rd1 Qe7 11. a3 Bxc3 12. bxc3 Ne4 13. Bb2 Rae8 14. Nd2 Nxd2 15. Rxd2 e5 16. d5 e4 17. Bb5 a6 18. Bxd7 Qxd7 19. Rad1 b5 20. c4 c5 21. dxc6 Qxc6 22. cxb5 Qxb5 23. Qg4 g5 24. Bf6 Bc8 1/2-1/2

[Event "NRW Class2 0910"]
[Site "Germany"]
[Date "2010.02.21"]
[Round "7.3"]
[White "Messarius, Juergen"]
[Black "Skulener, Wladimir"]
[Result "1/2-1/2"]
[WhiteElo "2204"]
[BlackElo "2357"]
[PlyCount "83"]
[EventDate "2009.09.20"]
[EventType "team-tourn"]
[EventRounds "9"]
[EventCountry "GER"]
[SourceTitle "EXT 2011"]
[Source "ChessBase"]
[SourceDate "2010.11.26"]
[SourceVersion "1"]
[SourceVersionDate "2010.11.26"]
[SourceQuality "1"]
[WhiteTeam "Iserlohn Koenigsspringer"]
[BlackTeam "Aachen Aufwaerts"]
[WhiteTeamCountry "GER"]
[BlackTeamCountry "GER"]

1. e4 Nf6 2. e5 Nd5 3. d4 d6 4. Nf3 Bg4 5. Be2 e6 6. h3 Bh5 7. c4 Nb6 8. exd6 cxd6 9. Nc3 Be7 10. d5 e5 11. g4 Bg6 12. h4 h5 13. g5 N8d7 14. Be3 Rc8 15. b3 Nc5 16. Nd2 Nbd7 17. a3 a5 18. Kf1 f5 19. gxf6 Nxf6 20. Rg1 Kf7 21. Nf3 Ng4 22. Ng5+ Bxg5 23. Bxg5 Qd7 24. Nb5 Bf5 25. b4 Na6 26. Qb3 g6 27. f3 Nf6 28. Qe3 Nc7 29. Nc3 Rhf8 30. Rd1 Kg8 31. c5 Kh7 32. b5 dxc5 33. d6 Nce8 34. Qxe5 Qf7 35. Kf2 Ng7 36. Bc4 Qxc4 37. Bxf6 Rce8 38. Qd5 Qf4 39. Bg5 Qh2+ 40. Rg2 Qh3 41. d7 Bxd7 42. Rg3 1/2-1/2